NFL Receiving Leaders: New England Patriots - Statistics

General Stats
  • This quiz has been taken 31 times
  • The average score is 5 of 10
Answer Stats
Rank Player Yards Years w/ Team % Correct
4 JulianEdelman 6822 2009-2020
93%
2 RobGronkowski 7861 2010-2018
93%
3 WesWelker 7459 2007-2012
86%
5 TroyBrown 6366 1993-2007
50%
1 StanleyMorgan 10352 1977-1989
39%
9 TerryGlenn 4669 1996-2001
39%
7 BenCoates 5471 1991-1999
32%
6 IrvingFryar 5726 1984-1992
21%
10 GinoCappelletti 4589 1960-1970
7%
8 JimColclough 5001 1960-1968
7%
No matching quizzes found
Score Distribution
Percent of People with Each Score
Percentile by Number Answered
Your Score History
You have not taken this quiz